000 00939nam a22003257a 4500
001 BR8303049
003 BR-BrBNA
005 20230928091703.0
007 ta
008 230509b bl.||||| |||| 00| 0 por d
040 _aBR-BrBNA
_bpor
_cBiblioteca Nacional de Agricultura
041 _a(Por)
072 _aP10; P12; E30
_b/G514
090 _ P10 BR8303049
100 1 _aVital, R. da C. (ed.)
110 1 _aComissao Estadual de Planejamento Agricola da Paraiba, Joao Pessoa (Brasil)
_92028
245 1 _aPrograma Finsocial - Projeto de apoio a pequena irrigacao [Paraiba, Brasil]
260 3 _aJoao Pessoa, PB (Brasil):
_c1983.
300 _a24 p.
500 _a12 tables
650 _aRECURSO HIDRICO
650 _aIRRIGACAO
650 _aPROJETO DE DESENVOLVIMENTO
650 _aDIRETRIZ
650 _aCUSTO
650 _aFINANCIAMENTO
650 _aPARAIBA
909 _a202309
_bLucia
_c55
_dLucia Elande
942 _cBK
999 _c35018
_d35018